Most-Guessed Geography Jetpunk Answers #1 - Statistics

General Stats
  • This quiz has been taken 86 times
  • The average score is 12 of 20
Answer Stats
Quiz % Answer % Correct
Top World Languages 100 English
100%
Spanish-Speaking Countries 98 Spain
97%
Countries of the World 97 United States
96%
Countries that Use the Peso 96 Mexico
94%
Megacities on a World Map 99 New York City
86%
Asia Capitals 94 Tokyo
84%
Countries with Wild Penguins 95 Argentina
70%
World Capitals 92 Paris
65%
Canada Provinces and Territories 93 Quebec
64%
States of Germany 95 Berlin
51%
Countries withNO Snakes 82 Iceland
49%
Countries with Four Letters 92 Peru
48%
Asian Countries Ending in "IA" 91 Indonesia
47%
Landlocked Countries 91 Mongolia
44%
Texas Counties 89 Dallas
42%
U.S. State Capitals 85 Sacramento
38%
European Coastal Capitals 92 Oslo
32%
States of India 84 Delhi
27%
Countries that Start with a Vowel 93 Oman
14%
Counties of England 86 Greater London
9%
No matching quizzes found
Score Distribution
Percent of People with Each Score
Percentile by Number Answered
Your Score History
You have not taken this quiz